Figure Out the Lyrics: TV Theme VI Quiz Stats

 Plays Quiz Updated Aug 20, 2015

Score 0/114 Timer 08:00
0 Plays Today
% Correct
a
96.9%
A
96.9%
a
96.9%
a
96.9%
a
96.9%
a
96.9%
The
96%
the
96%
The
96%
the
96%
the
96%
the
96%
the
96%
the
96%
The
96%
the
96%
the
96%
the
96%
the
96%
the
96%
and
79.2%
and
79.2%
and
79.2%
and
79.2%
be
73%
be
73%
on
72.9%
on
72.9%
of
64.5%
of
64.5%
of
64.5%
for
60.1%
for
60.1%
if
55.9%
was
47.7%
was
47.7%
that
47.5%
that
47.5%
% Correct
too,
47.2%
this
46.6%
this
46.6%
this
46.6%
day
46.2%
not
45.3%
man,
41.5%
here
41.2%
would
38.4%
would
38.4%
from
38.3%
his
37.8%
with
36.3%
Just
35.8%
Star,
34.8%
right
34.7%
hear
33.6%
three
33.3%
three
33.3%
hour
32%
hour
32%
tale.
31.8%
tale
31.8%
Gilligan,
31.7%
skipper
31.1%
Skipper
31.1%
ship.
30.9%
ship
30.9%
ship
30.9%
sit
30.8%
wife,
30.3%
back
30.3%
Professor
30.2%
tour,
30%
tour.
30%
isle
29.9%
Isle.
29.9%
you'll
29.5%
% Correct
Movie
29.3%
Gilligan's
29.3%
Mary-Ann
29.1%
lost,
28.3%
lost.
28.3%
Millionaire
28.3%
trip
26.7%
Minnow
26.2%
Minnow
26.2%
crew
26.1%
sail
25.5%
fateful
25.5%
tiny
25.4%
tiny
25.4%
started
25%
started
25%
set
24.6%
set
24.2%
tossed,
23.8%
brave
23.1%
getting
22.6%
desert
22.5%
rough,
22.4%
aboard
22.3%
weather
22.1%
mate
21.8%
fearless
21.8%
sailing
21.6%
shore
21.4%
courage
21.3%
mighty
21.2%
sure.
21%
port
19%
tropic
18.5%
Five
17.8%
passengers
17.2%
uncharted
16.9%
ground
15.9%

You're not logged in!

Compare scores with friends on all Sporcle quizzes.
OR
Log In

Show Comments

Extras

Top Quizzes Today


Score Distribution

Your Account Isn't Verified!

In order to create a playlist on Sporcle, you need to verify the email address you used during registration. Go to your Sporcle Settings to finish the process.

Report this User

Report this user for behavior that violates our Community Guidelines.

Details: